000 01672nam a2200289 a 4500
001 000038557
003 DO-SdBNP
005 20250221073755.0
008 100205s2011 dr a 000 0 spa d
040 _aDO-SdBNP
_bspa
_cBNPHU
082 _a317.293
_bR426e, 2008
110 1 _aRepública Dominicana
_bSecretaría de Estado de Economía, Planificación y Desarrollo
_bOficina Nacional de Estadística
_934693
245 1 0 _aEncuesta nacional de hogares de propósitos múltiples (ENHOGAR 2008) :
_bsituación de la mujer , la niñez y la adolescencia : informe general /
_cpresentación Pablo Tactuk.
260 _aSanto Domingo :
_bONE,
_bBID,
_c2011.
300 _a168 p. :
_bil. ;
_c28 cm.
505 0 _aIntroducción --
_tAspectos metodológicos --
_tCaraterísticas de la vivienda --
_tCaracterísticas de los hogares --
_tCareterísticas básica de la población --
_tSeguridad social --
_tPrograma de ayuda social --
_tJuvilación y pensiones que benefician a la población --
_tSeguro de salud --
_tMortalidad y atención a laSalud --
_tAnexos: diseño de la muestra de ENHOGAR-2008--
590 _aInventariado,2018/DG
650 4 _aEncuestas de hogares
_zRepública Dominicana
_y2008
_vEstadísticas
_957326
650 4 _aSeguridad social
_zRepública Dominicana
_y2008
_xEstadísticas
_957327
650 4 _aMortalidad
_zRepública Dominicana
_y2008
_xEstadísticas
_957328
651 4 _aRepública dominicana
_vEstadísticas
_y2008
_981383
700 1 _aTactuk, Pablo
_95774
710 2 _aBanco Interamericano de Desarrollo
_99655
710 1 _aRepública Dominicana.
_bOficina Nacional de Estadística
_95775
910 _aValidado. Control de calidad MFF
942 _2ddc
_cLBS1
999 _c38047
_d38047